A short glossary of terms used in the craft of clothworking

Este documento corto proporciona un glosario en inglš de los třminos ms̀ comn͠mente empleados en la fabricacin̤ de ropa.

Uloženo v:
Podrobná bibliografie
Další autoři: The Clothworkers<U+0092> Company
Médium: Kniha
Jazyk:angličtina
Témata:
On-line přístup:A short glossary of terms used in the craft of clothworking
Tagy: Přidat tag
Žádné tagy, Buďte první, kdo vytvoří štítek k tomuto záznamu!

MARC

LEADER 00000nam a22000004a 4500
001 vpro1714
005 20201223000000.0
008 120822s2007 ck # g## #001 0#eng#d
020
022
040 |a CO-BoINGC 
041 0 |a eng 
245 1 0 |a A short glossary of terms used in the craft of clothworking 
246 |a Un glosario corto de třminos usado en el oficio de hacer ropa 
264 |a Bogot ̀(Colombia) :  |b Revista VirtualPRO,  |c 2007 
520 3 |a Este documento corto proporciona un glosario en inglš de los třminos ms̀ comn͠mente empleados en la fabricacin̤ de ropa. 
650 \ \ |a Industria textil 
650 \ \ |a Textile industry 
650 \ \ |a Gňeros de telas 
650 \ \ |a Tejidos de telas 
650 \ \ |a Fabricacin̤ de ropa 
650 \ \ |a kinds of fabrics 
650 \ \ |a Woven fabrics 
650 \ \ |a Clothing manufacturing  
700 \ \ |a The Clothworkers<U+0092> Company 
856 |z A short glossary of terms used in the craft of clothworking  |u https://virtualpro.unach.elogim.com/biblioteca/un-glosario-corto-de-terminos-usado-en-el-oficio-de-hacer-ropa